000 00565nam a2200205 a 4500
005 20140310183306.0
008 050819s19uu xx 00 eng d
020 _a0-471-22855-9
050 _aQA 76.54
_b.L37 2004
100 _aLaplante, Phillip A.
245 _aReal-time systems design and analysis/.
250 _a3rd ed.
260 _aCanada :
_bJohn Wiley and Sons, Inc,
_c2004.
300 _a505 p. :
_bill. ;
_c30 cm.
521 _aIT
650 _aReal-time data processing.
650 _aSystems design.
942 _cBK
_2lcc
_kFOR
999 _c21079
_d21079